LIBRARY ONLINE CATALOGUE

Spicer and Pegler's financial reporting for business and practice 2004 / (Record no. 2014)

MARC details
000 -LEADER
fixed length control field 00671cam a22002172 4500
001 - CONTROL NUMBER
control field 0000002530
005 - DATE AND TIME OF LATEST TRANSACTION
control field 20151217145730.0
008 - FIXED-LENGTH DATA ELEMENTS--GENERAL INFORMATION
fixed length control field 070412s xx 000 0 eng d
020 ## - INTERNATIONAL STANDARD BOOK NUMBER
International Standard Book Number 0406976627 :
Terms of availability KES 4,150
040 ## - CATALOGING SOURCE
Original cataloging agency KABU
Transcribing agency KABU
050 #0 - LIBRARY OF CONGRESS CALL NUMBER
Classification number HF5635
Item number .S651 2004
100 1# - MAIN ENTRY--PERSONAL NAME
Personal name Spicer, Ernest Evan.
-- 0000151911
245 10 - TITLE STATEMENT
Title Spicer and Pegler's financial reporting for business and practice 2004 /
Statement of responsibility, etc. ed. by Paul Gee.
260 ## - PUBLICATION, DISTRIBUTION, ETC. (IMPRINT)
Place of publication, distribution, etc. London :
Name of publisher, distributor, etc. Lexis,
Date of publication, distribution, etc. 2004.
300 ## - PHYSICAL DESCRIPTION
Extent xviii, 696 p.
650 #0 - SUBJECT ADDED ENTRY--TOPICAL TERM
Topical term or geographic name as entry element Accounting.
-- 0000148321
700 1# - ADDED ENTRY--PERSONAL NAME
Personal name Gee, Paul.
-- 0000151912
908 ## - PUT COMMAND PARAMETER (RLIN)
Put command parameter 070412
950 ## - LOCAL HOLDINGS (RLIN)
-- 1
Holdings
Withdrawn status Lost status Source of classification or shelving scheme Not for loan Home library Current library Date acquired Total Checkouts Full call number Barcode Date last seen Date last checked out Price effective from Koha item type Cost, normal purchase price Copy number Total Renewals
    Library of Congress Classification   Kabarak, Main Campus Kabarak, Main Campus 17/12/2015 3 HF5635 .S651 2004 005112 01/12/2018 23/11/2018 17/12/2015 General Collection      
    Library of Congress Classification   Kabarak, Main Campus Kabarak, Main Campus 17/12/2015 2 HF5635 .S651 2004 c. 2 023371 10/08/2021 10/08/2021 17/12/2015 General Collection 6151.36 c. 2  
    Library of Congress Classification   Kabarak, Nakuru City Campus Kabarak, Nakuru City Campus 03/07/2019 1 HF5635 .S651 2004 c. 1 023372 09/12/2020 03/02/2020 03/07/2019 General Collection 6151.36 c. 1 1